000 00421nam a2200157Ia 4500
008 240729s9999 xx 000 0 und d
022 _a1307-671X
245 0 _aDüzce Tıp Fakültesi Dergisi
260 _aTürkiye
260 _bDuzce University
650 _a Medicine (General)
650 _aMedicine
856 _uhttps://doaj.org/toc/4967ccc0d419401689fd1fddc48360be
942 _2ddc
942 _cDOAJEJ
999 _c67509
_d67509
945 _a1
_bMadushi Gamage
_c1
_dMadushi Gamage